La seda artificial (Record no. 141346)

MARC details
000 -LEADER
campo de control de longitud fija 00629nam a2200181 i 4500
001 - NÚMERO DE CONTROL
campo de control 141346
003 - IDENTIFICADOR DE NÚMERO DE CONTROL
campo de control ES-MaACL
005 - FECHA Y HORA DE LA ÚLTIMA TRANSACCIÓN
campo de control 20230906200256.0
007 - CAMPO FIJO DE DESCRIPCIÓN FÍSICA--INFORMACIÓN GENERAL
campo de control de longitud fija t|
008 - DATOS DE LONGITUD FIJA--INFORMACIÓN GENERAL
campo de control de longitud fija 070921s1905 sp ||||1| spa d
100 1# - ENTRADA PRINCIPAL--NOMBRE DE PERSONA
Nombre de persona Willems, P.
9 (RLIN) 116892
245 13 - MENCIÓN DEL TÍTULO
Título La seda artificial
Resto del título : celulosa y fabricación de la seda artificial /
Mención de responsabilidad, etc. por P. Willems ; traducción y notas de M. Rodríguez Navas.
260 ## - PUBLICACIÓN, DISTRIBUCIÓN, ETC.
Lugar de publicación, distribución, etc. Madrid :
Nombre del editor, distribuidor, etc. [s.n.],
Fecha de publicación, distribución, etc. 1905 (
Fabricante Bailly Ballière)
300 ## - DESCRIPCIÓN FÍSICA
Extensión 171 p. ;
Dimensiones 18 cm.
500 ## - NOTA GENERAL
Nota general Precede al tít.: Biblioteca industrial y agrícola.
700 2# - ENTRADA AGREGADA--NOMBRE PERSONAL
Nombre de persona Rodríguez-Navas, Manuel.
9 (RLIN) 131977
852 ## - LOCALIZACIÓN
Ubicación ES-MaACL
Número de control de estantería A-4744
Holdings
Estatus retirado Estado de pérdida Estado de daño No para préstamo Biblioteca de origen Biblioteca actual Ubicación en estantería Fecha de adquisición Fuente de adquisición Total de préstamos Signatura topográfica completa Código de barras Visto por última vez Precio de reemplazo Tipo de ítem Koha
        Biblioteca del Ateneo de Madrid Biblioteca del Ateneo de Madrid Sala Pecera Planta 1 17/01/2008     A-4744 1147073 23/02/2023 23/02/2023 Libro impreso